header

Energy efficient cities (Record no. 197259)

MARC details
000 -LEADER
fixed length control field 01726nam a2200385 a 4500
082 04 - DEWEY DECIMAL CLASSIFICATION NUMBER
Classification number 333.79/16091732
245 10 - TITLE STATEMENT
Title Energy efficient cities
260 ## - PUBLICATION, DISTRIBUTION, ETC. (IMPRINT)
Place of publication Washington, D.C. :
Name of publisher World Bank,
Year of publication c2010.
300 ## - PHYSICAL DESCRIPTION
Number of Pages xviii, 227 p. :
Other physical details ill. (some col.), col. maps.
500 ## - GENERAL NOTE
General note Papers presented during the Energy Sector Management Assistance Programme's sessions at the 5th Urban Research Symposium held in Marseille, France from June 28-30, 2009.
650 #0 - SUBJECT ADDED ENTRY--TOPICAL TERM
Topical Term Cities and towns
Topical Term Energy policy
Topical Term City planning
Topical Term Urban policy
700 1# - ADDED ENTRY--PERSONAL NAME
Personal name Bose, Ranjan K.
856 40 - ELECTRONIC LOCATION AND ACCESS
Uniform Resource Identifier http://site.ebrary.com/lib/rucke/Doc?id=10389747

No items available.

© 2026 Rongo University
Contact us: librarian | system librarian | Rongo university